000 00727nam a2200265Ia 4500
003 OSt
005 20220918180057.0
006 a|||||r|||| 00| 0
007 ta
008 220917b |||||||| |||| 00| 0 eng d
024 _a20,548
037 _cTextual
040 _aARTS
_cARTS
_beng
041 _2eng
_aeng
082 _a2k, N3 (2D)
100 _aRamaiah L S
245 0 _aDictionary of library and information science quotations Taher
260 _aDelhi
_bAditya Prakashan
_c1993
300 _axvi,394p.
_ccm.
500 _aIncludes index
650 _aLIBRARY SCIENCE
700 _a Mohamed Taher
942 _h2k, N3 (2D)
_cTEXL
_2CC
999 _c160248
_d160248